[Event "FRA Team Ch"]
[Site "Montpellier"]
[Date "2001.04.30"]
[Round "10.3"]
[White "Roos, Louis"]
[Black "Pira, Davoud"]
[Result "0-1"]
[WhiteElo "2381"]
[BlackElo "2449"]
[Annotator "Strasbourg-Auxerre"]
[PlyCount "118"]
[EventDate "2001.04.??"]

1. c4 c5 2. Nc3 Nc6 3. g3 g6 4. Bg2 Bg7 5. a3 a5 6. Nf3 e5 7. d3 Nge7 8. O-O
O-O 9. Ne1 d6 10. Nc2 Be6 11. Nd5 a4 12. Nxe7+ Qxe7 13. Rb1 f5 14. Ne3 Nd4 15.
Nd5 Qd8 16. b4 axb3 17. e3 Nc6 18. Qxb3 Rf7 19. f4 Kh8 20. Bd2 g5 21. a4 gxf4
22. exf4 Nd4 23. Qd1 Qe8 24. a5 Nc6 25. Qh5 Qf8 26. Nb6 Re8 27. a6 e4 28. axb7
Rxb7 29. dxe4 Reb8 30. exf5 Bf7 31. Qh4 Bd4+ 32. Kh1 Rxb6 33. Rxb6 Rxb6 34. g4
Bxc4 35. Re1 Rb2 36. Bc1 Rxg2 37. Kxg2 Qf7 38. Kh3 Ba6 39. Qg3 Bg7 40. Qe3 Kg8
41. Qe6 Bf8 42. Bb2 Nd4 43. Qxf7+ Kxf7 44. Ra1 Bd3 45. Ra7+ Be7 46. Kg3 Be4 47.
f6 Kxf6 48. Kf2 d5 49. Ke3 Bd6 50. h4 h5 51. Ra6 Ke7 52. Ra7+ Ke6 53. f5+ Ke5
54. Rg7 hxg4 55. Rxg4 Bxf5 56. Rg8 Be6 57. Rg5+ Bf5 58. Rg8 Be7 59. h5 Be6 0-1

[Event "FRA Team Ch"]
[Site "Montpellier"]
[Date "2001.04.30"]
[Round "10.4"]
[White "Cramling, Pia"]
[Black "Roos, Daniel"]
[Result "1/2-1/2"]
[WhiteElo "2492"]
[BlackElo "2404"]
[Annotator "Auxerre-Strasbourg"]
[PlyCount "46"]
[EventDate "2001.04.??"]

1. d4 d5 2. Nf3 c6 3. c4 a6 4. Qc2 Nf6 5. Nbd2 e6 6. e4 dxe4 7. Nxe4 Nbd7 8.
Bd3 c5 9. Nxf6+ Nxf6 10. Be3 cxd4 11. Bxd4 Bb4+ 12. Ke2 Be7 13. Rhd1 Qc7 14.
Kf1 h6 15. Rac1 O-O 16. Qe2 Rd8 17. h3 Bd7 18. Qe3 Rdc8 19. Ne5 Be8 20. Qf3 Rd8
21. Qe3 Rdc8 22. Qf3 Rd8 23. Qe3 Rdc8 1/2-1/2

[Event "FRA Team Ch"]
[Site "Montpellier"]
[Date "2001.04.30"]
[Round "10.5"]
[White "Maier, Christian"]
[Black "Bellon Lopez, Juan Manuel"]
[Result "0-1"]
[WhiteElo "2372"]
[BlackElo "2430"]
[Annotator "Strasbourg-Auxerre"]
[PlyCount "72"]
[EventDate "2001.04.??"]

1. e4 c6 2. Nc3 d5 3. Nf3 dxe4 4. Nxe4 Nf6 5. Nxf6+ exf6 6. Bc4 Bd6 7. O-O O-O
8. d4 Bg4 9. h3 Bh5 10. a4 Nd7 11. g4 Bg6 12. Nh4 f5 13. Nxf5 Bxf5 14. gxf5 Qf6
15. Qg4 h5 16. Qxh5 Qxd4 17. Rd1 Qe5 18. Rxd6 Qxd6 19. Bg5 Nf6 20. Bxf6 Qxf6
21. Ra3 b5 22. Ba2 Rae8 23. Rg3 Re5 24. Rg5 Rd8 25. h4 Rd4 26. axb5 cxb5 27.
Qg6 Qxg6 28. fxg6 Rxg5+ 29. hxg5 Kf8 30. gxf7 Rd2 31. Bb3 a5 32. Kf1 a4 33. Ke1
Rd4 34. Ba2 Rb4 35. b3 a3 36. c3 Rg4 0-1

[Event "FRA Team Ch"]
[Site "Montpellier"]
[Date "2001.04.30"]
[Round "10.7"]
[White "Roos, Jean-Luc"]
[Black "Blanvillain, Philippe"]
[Result "1-0"]
[WhiteElo "2264"]
[BlackElo "2170"]
[Annotator "Strasbourg-Auxerre"]
[PlyCount "61"]
[EventDate "2001.04.??"]

1. e4 e6 2. d4 d5 3. e5 c5 4. c3 Nc6 5. Nf3 Qb6 6. Be2 f6 7. O-O cxd4 8. cxd4
fxe5 9. dxe5 Nge7 10. Nc3 Bd7 11. Be3 Qd8 12. Bg5 a6 13. Rc1 Qa5 14. a3 Ng6 15.
Re1 Be7 16. Bd3 Bxg5 17. Nxg5 Ngxe5 18. Bxh7 Rf8 19. Qh5+ Kd8 20. Qh4 Kc8 21.
Qg3 Qc7 22. Nxd5 exd5 23. Rxe5 Qb6 24. b4 a5 25. Rxd5 axb4 26. axb4 Qxb4 27.
Ne4 Qa3 28. Nd6+ Kb8 29. Rb1 Bc8 30. Rd3 Qa2 31. Nb5+ 1-0

[Event "FRA Team Ch"]
[Site "Montpellier"]
[Date "2001.04.30"]
[Round "10.8"]
[White "Nicoara, Malina"]
[Black "Herbrechtsmeier, Christof"]
[Result "1/2-1/2"]
[WhiteElo "2258"]
[BlackElo "2336"]
[Annotator "Auxerre-Strasbourg"]
[PlyCount "42"]
[EventDate "2001.04.??"]

1. d4 Nf6 2. c4 e5 3. dxe5 Ne4 4. Nd2 Nc5 5. Ngf3 Nc6 6. Nb3 Nxb3 7. Qxb3 Bb4+
8. Bd2 Bxd2+ 9. Nxd2 Nxe5 10. g3 O-O 11. Bg2 a5 12. Qc3 Qe7 13. O-O Ra6 14. Nf3
Nxf3+ 15. Bxf3 Qb4 16. Qc2 Rd6 17. Rfd1 Rxd1+ 18. Rxd1 d6 19. a3 Qb6 20. Qc3
Be6 21. Bd5 c6 1/2-1/2

[Event "FRA Team Ch"]
[Site "Montpellier"]
[Date "2001.04.30"]
[Round "10.9"]
[White "Chapelle, Emilie"]
[Black "Landre, Tristan"]
[Result "1-0"]
[WhiteElo "2060"]
[BlackElo "2000"]
[Annotator "Strasbourg-Auxerre"]
[PlyCount "93"]
[EventDate "2001.04.??"]

1. d4 f5 2. Bg5 Nf6 3. Bxf6 exf6 4. e3 d5 5. c4 Nd7 6. Nc3 Bb4 7. a3 Bxc3+ 8.
bxc3 Nb6 9. c5 Nd7 10. Qf3 Nf8 11. Bd3 g6 12. Ne2 c6 13. O-O Ne6 14. h4 O-O 15.
c4 Nc7 16. Nf4 Be6 17. h5 Bf7 18. cxd5 Nxd5 19. Rfc1 Qc7 20. Nxd5 Bxd5 21. Bc4
Bxc4 22. Rxc4 Rad8 23. Rb1 Qf7 24. Ra4 a6 25. Rab4 Rd7 26. a4 Re8 27. hxg6 hxg6
28. Qg3 Kg7 29. R1b2 Ree7 30. a5 Qf8 31. Qf3 Qd8 32. Rb6 Qg8 33. Qd1 Kf8 34.
Qf3 Kf7 35. Qh3 Kg7 36. Qf3 Qc4 37. Qd1 Qxc5 38. Rxb7 Qxa5 39. Rb8 Rd8 40. Rxd8
Qxd8 41. Qa4 Qa8 42. Rb6 Rb7 43. Qxc6 Ra7 44. Qxf6+ Kg8 45. Qe6+ Kh8 46. Qe5+
Kh7 47. Rb8 1-0

[Event "FRA Team Ch"]
[Site "Montpellier"]
[Date "2001.04.30"]
[Round "10.1"]
[White "Delchev, Aleksander"]
[Black "Moreno Carnero, Javier"]
[Result "0-1"]
[WhiteElo "2587"]
[BlackElo "2483"]
[Annotator "Echiquier Nicois-Noyon"]
[PlyCount "128"]
[EventDate "2001.04.??"]

1. Nf3 Nf6 2. c4 g6 3. g3 Bg7 4. Bg2 O-O 5. d4 d6 6. O-O Nbd7 7. Nc3 e5 8. b3
Re8 9. e4 exd4 10. Nxd4 Nc5 11. f3 a5 12. Be3 c6 13. Qc2 h5 14. Rad1 Qe7 15.
Nde2 Nh7 16. Qd2 Bf8 17. Bh6 Bxh6 18. Qxh6 a4 19. b4 Na6 20. a3 Be6 21. f4 Bxc4
22. f5 Qf8 23. Qe3 Qe7 24. Qh6 Qf8 25. Qe3 Qe7 26. Nxa4 Nxb4 27. fxg6 fxg6 28.
Nb6 Nd5 29. Nxd5 Bxd5 30. Rxd5 cxd5 31. Nf4 Qg7 32. Qd3 Re5 33. exd5 Nf8 34.
Ne6 Qh6 35. Kh1 Rc8 36. Qb1 Nxe6 37. dxe6 Rf8 38. Rd1 Kh8 39. Rxd6 Qe3 40. Rd1
Rxe6 41. Qb2+ Qe5 42. Qxb7 Qc3 43. Qb4 Qxb4 44. axb4 Rb8 45. Rb1 Reb6 46. h4
Rxb4 47. Rxb4 Rxb4 48. Bd5 Rb2 49. Kg1 Kg7 50. Bf3 Kf6 51. Kf1 Ke5 52. Kg1 Kd4
53. Bc6 Ke3 54. Bd5 Rb5 55. Bc6 Rc5 56. Bb7 g5 57. hxg5 Rxg5 58. Kg2 h4 59. Kh3
hxg3 60. Kg2 Kf4 61. Bc6 Rc5 62. Bb7 Rc2+ 63. Kg1 g2 64. Kh2 Rb2 0-1

[Event "FRA Team Ch"]
[Site "Montpellier"]
[Date "2001.04.30"]
[Round "10.2"]
[White "Rechlis, Gad"]
[Black "Banikas, Hristos"]
[Result "1/2-1/2"]
[WhiteElo "2525"]
[BlackElo "2535"]
[Annotator "Noyon-Echiquier Nicois"]
[PlyCount "64"]
[EventDate "2001.04.??"]

1. d4 Nf6 2. c4 g6 3. Nc3 Bg7 4. e4 d6 5. Nf3 O-O 6. Be2 e5 7. O-O Nc6 8. d5
Ne7 9. Nd2 a5 10. a3 Bd7 11. b3 Nc8 12. Qc2 Nb6 13. Bb2 Qe8 14. b4 Na4 15. Nxa4
axb4 16. axb4 Rxa4 17. Rxa4 Bxa4 18. Qd3 Bd7 19. Re1 Bh6 20. Nb3 Nh5 21. Bxh5
gxh5 22. Bc1 Bxc1 23. Rxc1 f5 24. Nd2 h4 25. h3 Qg6 26. exf5 Bxf5 27. Qe3 Kh8
28. Kh2 Rg8 29. Rg1 Qh6 30. Ra1 Qg6 31. Rg1 Qf6 32. Ra1 Qg6 1/2-1/2

[Event "FRA Team Ch"]
[Site "Montpellier"]
[Date "2001.04.30"]
[Round "10.3"]
[White "Bujisho, Benjamin"]
[Black "Glavina, Pablo"]
[Result "1/2-1/2"]
[WhiteElo "2368"]
[BlackElo "2414"]
[Annotator "Echiquier Nicois-Noyon"]
[PlyCount "131"]
[EventDate "2001.04.??"]

1. d4 Nf6 2. g3 d5 3. Nf3 Bf5 4. Bg2 e6 5. O-O Bd6 6. c4 c6 7. Nbd2 O-O 8. b3
Nbd7 9. Bb2 Re8 10. h3 h6 11. Ne5 c5 12. Nxd7 Nxd7 13. e4 dxe4 14. Nxe4 Bf8 15.
dxc5 Nxc5 16. Nxc5 Bxc5 17. Qf3 Re7 18. a3 a5 19. Rad1 Qb6 20. Rd2 Rd8 21. Rfd1
Rxd2 22. Rxd2 Bg6 23. h4 h5 24. g4 Qc7 25. gxh5 Bf5 26. h6 gxh6 27. Qh5 Kh7 28.
Bf6 Rd7 29. Bg5 Bf8 30. Bf4 Qc8 31. Qd1 Rxd2 32. Qxd2 Qc5 33. Qd7 Bg6 34. Qxb7
Qd4 35. Bg3 Bxa3 36. Qb8 Bc5 37. Bf3 h5 38. Qc7 Bb4 39. Kg2 Kg8 40. Qb8+ Bf8
41. Be5 Qxh4 42. Bd6 Qg5+ 43. Kh2 Qh4+ 44. Kg1 Qg5+ 45. Bg2 Qh6 46. c5 e5 47.
Qd8 Bf5 48. Bxf8 Qxf8 49. Qg5+ Bg6 50. Qxe5 Qg7 51. Qf4 h4 52. c6 h3 53. Bf3
Bh5+ 54. Kh2 Bxf3 55. Qxf3 Kf8 56. Qd5 Qg4 57. Qd6+ Ke8 58. Qb8+ Ke7 59. Qb7+
Kd6 60. c7 Qf4+ 61. Kxh3 Qf5+ 62. Kg3 Qe5+ 63. Kf3 Qc3+ 64. Ke4 Qc2+ 65. Ke3
Qxc7 66. Qa6+ 1/2-1/2

[Event "FRA Team Ch"]
[Site "Montpellier"]
[Date "2001.04.30"]
[Round "10.4"]
[White "Marcelin, Cyril"]
[Black "Mrdja, Milan"]
[Result "1-0"]
[WhiteElo "2424"]
[BlackElo "2435"]
[Annotator "Noyon-Echiquier Nicois"]
[PlyCount "103"]
[EventDate "2001.04.??"]

1. d4 c5 2. d5 d6 3. e4 Nf6 4. Nc3 g6 5. Nf3 Bg7 6. Bb5+ Nfd7 7. a4 O-O 8. O-O
Na6 9. Re1 Rb8 10. Bf4 Ne5 11. Nxe5 dxe5 12. Be3 b6 13. Qd2 Nc7 14. Bc6 Ne8 15.
Bxe8 Rxe8 16. a5 Bd7 17. axb6 axb6 18. Ra7 Qc8 19. d6 exd6 20. Qxd6 Be6 21. Nd5
Bxd5 22. Qxd5 Re6 23. Rd1 Bf8 24. g3 Qe8 25. Rd7 Re7 26. b3 Rxd7 27. Qxd7 Qxd7
28. Rxd7 c4 29. Rd5 cxb3 30. cxb3 Bc5 31. Bxc5 bxc5 32. Rxc5 Rxb3 33. Rxe5 Kg7
34. Kg2 h6 35. g4 g5 36. f3 Rc3 37. Rf5 f6 38. h4 gxh4 39. Kh3 Kg6 40. Kxh4 Re3
41. Kg3 Ra3 42. Rb5 Ra6 43. Kh4 Ra1 44. Rb6 Kg7 45. Rb7+ Kg6 46. Kg3 h5 47.
gxh5+ Kxh5 48. Rb6 Kg5 49. f4+ Kh5 50. Rxf6 Ra3+ 51. Kf2 Kg4 52. e5 1-0

[Event "FRA Team Ch"]
[Site "Montpellier"]
[Date "2001.04.30"]
[Round "10.6"]
[White "Karr, Jean-Philippe"]
[Black "Leski, Marc"]
[Result "1-0"]
[WhiteElo "2383"]
[BlackElo "2420"]
[Annotator "Noyon-Echiquier Nicois"]
[PlyCount "71"]
[EventDate "2001.04.??"]

1. d4 d6 2. Nf3 Bg4 3. c4 Nd7 4. Qb3 Rb8 5. h3 Bh5 6. g4 Bg6 7. Bg2 c6 8. Nc3
e6 9. Bf4 Ngf6 10. O-O Be7 11. c5 dxc5 12. Bxb8 Qxb8 13. e3 O-O 14. a4 a5 15.
Rfe1 Nd5 16. Nxd5 exd5 17. Ne5 Nxe5 18. dxe5 c4 19. Qb6 Bb4 20. f4 Bxe1 21.
Rxe1 Bc2 22. Qxa5 Qa8 23. Qb6 Qxa4 24. Kf2 Bd3 25. Rc1 Qa6 26. Qxa6 bxa6 27.
Ra1 Rb8 28. Kg3 g6 29. h4 Rxb2 30. Rxa6 c3 31. Rxc6 c2 32. Rc8+ Kg7 33. h5 Bc4
34. h6+ Kxh6 35. Rg8 Be2 36. g5+ 1-0

[Event "FRA Team Ch"]
[Site "Montpellier"]
[Date "2001.04.30"]
[Round "10.7"]
[White "Brochet, Philippe"]
[Black "Carton, Camille"]
[Result "1-0"]
[WhiteElo "2369"]
[BlackElo "2234"]
[Annotator "Echiquier Nicois-Noyon"]
[PlyCount "43"]
[EventDate "2001.04.??"]

1. e4 e6 2. Nf3 d5 3. Nc3 Nf6 4. e5 Nfd7 5. d4 c5 6. dxc5 Bxc5 7. Bd3 Nc6 8.
Qe2 f6 9. exf6 Nxf6 10. Bg5 O-O 11. O-O-O Nb4 12. Ne5 Nxd3+ 13. Rxd3 Qe8 14.
Rh3 Bd6 15. f4 h6 16. Bxh6 gxh6 17. Rxh6 Bxe5 18. Qxe5 Nh7 19. Re1 Bd7 20. Re3
Rf7 21. Rg6+ Kf8 22. Reg3 1-0

[Event "FRA Team Ch"]
[Site "Montpellier"]
[Date "2001.04.30"]
[Round "10.8"]
[White "Bernard, Jacques"]
[Black "Moncamp, Gilles"]
[Result "1/2-1/2"]
[WhiteElo "2237"]
[BlackElo "2242"]
[Annotator "Noyon-Echiquier Nicois"]
[PlyCount "75"]
[EventDate "2001.04.??"]

1. e4 e5 2. Nf3 Nc6 3. Bb5 a6 4. Ba4 Nf6 5. O-O Be7 6. Re1 b5 7. Bb3 d6 8. c3
O-O 9. h3 Na5 10. Bc2 c5 11. d4 cxd4 12. cxd4 Qc7 13. Nbd2 Be6 14. d5 Bd7 15.
Nf1 Rfc8 16. Bd3 Nb7 17. Bd2 Nc5 18. Rc1 Qb7 19. Bb1 b4 20. Ng3 a5 21. Be3 Na4
22. Qd2 Bd8 23. Bd3 Bb6 24. Bg5 Ne8 25. Nf5 Bxf5 26. exf5 f6 27. Be3 Bxe3 28.
fxe3 Rc5 29. Rxc5 Nxc5 30. Qc2 Nc7 31. e4 Rc8 32. Rc1 Na8 33. Qe2 Nxd3 34.
Rxc8+ Qxc8 35. Qxd3 Nb6 36. Nd2 g6 37. fxg6 hxg6 38. Kf2 1/2-1/2

[Event "FRA Team Ch"]
[Site "Montpellier"]
[Date "2001.04.30"]
[Round "10.9"]
[White "Bonnafous, Nathalie"]
[Black "Wolfangel, Florence"]
[Result "0-1"]
[WhiteElo "2071"]
[BlackElo "1870"]
[Annotator "Echiquier Nicois-Noyon"]
[PlyCount "80"]
[EventDate "2001.04.??"]

1. d4 g6 2. e4 d6 3. Nc3 Bg7 4. Be3 Nd7 5. Qd2 a6 6. h4 h5 7. a4 Nh6 8. f3 e5
9. Bg5 f6 10. Be3 Nf7 11. Bc4 exd4 12. Bxd4 Nfe5 13. Ba2 Nf8 14. Nh3 Be6 15.
Nd5 Bf7 16. f4 Nc6 17. Bc3 Bxd5 18. Bxd5 Qc8 19. O-O-O Ne7 20. e5 dxe5 21. fxe5
Bh6 22. Ng5 fxg5 23. Qf2 gxh4+ 24. Kb1 Nxd5 25. Rxd5 Qe6 26. Rhd1 Bg5 27. Qd4
Rh7 28. Qe4 Nd7 29. Qd3 Nb6 30. Rd4 Rd7 31. a5 Rxd4 32. Bxd4 Nd7 33. Be3 Bxe3
34. Qxe3 b6 35. axb6 Qxb6 36. Qg5 Rb8 37. b3 Qe6 38. Qh6 Nf8 39. Rf1 Qe7 40.
Rf6 Rb6 0-1

[Event "FRA Team Ch"]
[Site "Montpellier"]
[Date "2001.04.30"]
[Round "10.1"]
[White "Magem Badals, Jordi"]
[Black "Khenkin, Igor"]
[Result "1/2-1/2"]
[WhiteElo "2506"]
[BlackElo "2612"]
[Annotator "Orange-Nancy"]
[PlyCount "32"]
[EventDate "2001.04.??"]

1. e4 c6 2. d4 d5 3. e5 c5 4. dxc5 e6 5. Nf3 Bxc5 6. Bd3 Nc6 7. O-O f6 8. Qe2
fxe5 9. Nxe5 Nxe5 10. Qxe5 Nf6 11. Nd2 O-O 12. Nf3 Bd6 13. Qe2 Qc7 14. Re1 Bd7
15. Ne5 Rae8 16. Bg5 Ne4 1/2-1/2

[Event "FRA Team Ch"]
[Site "Montpellier"]
[Date "2001.04.30"]
[Round "10.2"]
[White "Bauer, Christian"]
[Black "De la Riva Aguado, Oscar"]
[Result "1-0"]
[WhiteElo "2618"]
[BlackElo "2496"]
[Annotator "Nancy-Orange"]
[PlyCount "59"]
[EventDate "2001.04.??"]

1. d4 f5 2. g3 Nf6 3. Bg2 g6 4. Nf3 Bg7 5. O-O O-O 6. b4 d6 7. Bb2 c6 8. c4 Kh8
9. Nc3 Na6 10. Qb3 Nc7 11. a4 Qe8 12. b5 Be6 13. Rad1 Bg8 14. e3 Rc8 15. Nd2 g5
16. f4 Ng4 17. Ne2 Qh5 18. h3 Nf6 19. fxg5 Qxg5 20. Nf3 Qh5 21. Nf4 Qe8 22. Nh4
e6 23. Ba3 Qd7 24. bxc6 bxc6 25. Qb7 Ne4 26. Bxe4 fxe4 27. Qb1 Bf7 28. Qxe4 Rb8
29. Nf3 Bf6 30. Ne5 1-0

[Event "FRA Team Ch"]
[Site "Montpellier"]
[Date "2001.04.30"]
[Round "10.3"]
[White "Lepelletier, Benoit"]
[Black "Turner, Matthew"]
[Result "0-1"]
[WhiteElo "2467"]
[BlackElo "2498"]
[Annotator "Orange-Nancy"]
[PlyCount "64"]
[EventDate "2001.04.??"]

1. e4 c5 2. Ne2 g6 3. d4 cxd4 4. Nxd4 Bg7 5. Nb3 Nc6 6. Be2 Nf6 7. Nc3 d6 8.
Be3 O-O 9. Qd2 a5 10. a3 Be6 11. Rd1 a4 12. Nd4 Nxd4 13. Bxd4 Qa5 14. O-O Rfc8
15. Rfe1 b5 16. Bf3 b4 17. axb4 Qxb4 18. Bxf6 Bxf6 19. e5 Bxe5 20. Bxa8 Rxa8
21. Re4 Qxb2 22. Nxa4 Qb5 23. Qb4 Bxh2+ 24. Kh1 Qh5 25. Rde1 Bg3+ 26. Kg1 Qh2+
27. Kf1 Qh1+ 28. Ke2 Qxg2 29. Kd1 Qxf2 30. R1e2 Qf1+ 31. Kd2 d5 32. Rd4 Rb8 0-1

[Event "FRA Team Ch"]
[Site "Montpellier"]
[Date "2001.04.30"]
[Round "10.4"]
[White "Arkell, Keith C"]
[Black "Mellado Trivino, Juan"]
[Result "0-1"]
[WhiteElo "2442"]
[BlackElo "2460"]
[Annotator "Nancy-Orange"]
[PlyCount "102"]
[EventDate "2001.04.??"]

1. d4 d5 2. c4 c6 3. Nf3 Nf6 4. Nc3 dxc4 5. a4 c5 6. d5 Bf5 7. e3 e6 8. Bxc4
exd5 9. Nxd5 Nc6 10. O-O Bd6 11. b3 Be4 12. Nc3 Bxf3 13. gxf3 Be5 14. Bb2 g5
15. Qe2 Qd7 16. f4 gxf4 17. exf4 Qh3 18. Kh1 Ng4 19. f3 Nd4 20. Qd2 Nxf3 21.
Qg2 Qxg2+ 22. Kxg2 Bxc3 23. Bxc3 Nd4 24. Rfe1+ Kf8 25. h3 Nf6 26. Re5 Rg8+ 27.
Kf2 Re8 28. Rxe8+ Kxe8 29. Re1+ Kf8 30. Re5 Nc6 31. Re3 Rg6 32. f5 Rh6 33. Kg3
Ne7 34. Rf3 Ne4+ 35. Kg4 Rd6 36. Re3 Nxc3 37. Rxc3 Kg7 38. Kf4 Rd4+ 39. Kf3
Nxf5 40. Bd3 Nd6 41. Ke3 b6 42. a5 f5 43. Rc1 Rb4 44. Bc2 Kf6 45. Rf1 Rh4 46.
Rf3 Ke5 47. a6 Ne4 48. Ke2 Rf4 49. Rd3 Rf2+ 50. Kd1 Rf1+ 51. Ke2 Rc1 0-1

[Event "FRA Team Ch"]
[Site "Montpellier"]
[Date "2001.04.30"]
[Round "10.5"]
[White "Guadalpi, David"]
[Black "Spielmann, Alain"]
[Result "1-0"]
[WhiteElo "2282"]
[BlackElo "2294"]
[Annotator "Orange-Nancy"]
[PlyCount "81"]
[EventDate "2001.04.??"]

1. e4 c6 2. d4 d5 3. exd5 cxd5 4. c4 Nf6 5. Nc3 e6 6. Nf3 Bb4 7. cxd5 Nxd5 8.
Bd2 Nc6 9. Bd3 O-O 10. O-O Be7 11. a3 Bf6 12. Qc2 g6 13. Bh6 Re8 14. Rad1 Nxc3
15. bxc3 Qa5 16. Rfe1 Bd7 17. Rb1 b6 18. h4 Rac8 19. Qd2 Ne7 20. Ne5 Ba4 21.
Rb4 Bc6 22. h5 Qd5 23. Be4 Qd6 24. Qf4 Nd5 25. Bxd5 exd5 26. Re3 Re6 27. Rb1
Rce8 28. Rbe1 Bxe5 29. dxe5 Qxa3 30. Bg5 Qa4 31. Qg3 d4 32. cxd4 Qxd4 33. Bf6
Qb4 34. Qg5 a5 35. Rc1 a4 36. Rh3 Qf8 37. Rcc3 Be4 38. Rcg3 b5 39. Qh4 Rxf6 40.
hxg6 h6 41. gxf7+ 1-0

[Event "FRA Team Ch"]
[Site "Montpellier"]
[Date "2001.04.30"]
[Round "10.6"]
[White "Nezar, Mustapha"]
[Black "Guidarelli, Laurent"]
[Result "1/2-1/2"]
[WhiteElo "2292"]
[BlackElo "2297"]
[Annotator "Nancy-Orange"]
[PlyCount "153"]
[EventDate "2001.04.??"]

1. d4 Nf6 2. c4 c5 3. Nf3 cxd4 4. Nxd4 b6 5. Nc3 Bb7 6. Bg5 Ne4 7. Nxe4 Bxe4 8.
Nb5 d6 9. Nc3 Bb7 10. e4 Nc6 11. Be2 g6 12. Qd2 Bg7 13. Bh6 O-O 14. h4 e6 15.
Rd1 Qf6 16. h5 Bxh6 17. Qxh6 Qg7 18. hxg6 Qxh6 19. Rxh6 hxg6 20. Rxd6 Rfd8 21.
Rd2 Rxd2 22. Kxd2 Rd8+ 23. Kc1 Ne5 24. f3 Kg7 25. Rh1 g5 26. b3 Ng6 27. Rd1
Rxd1+ 28. Kxd1 Bc6 29. Kd2 Kf6 30. Ke3 Ke5 31. Nd1 Nf4 32. Bf1 f5 33. exf5 exf5
34. Nf2 g4 35. g3 Nh5 36. Nd3+ Kd6 37. fxg4 fxg4 38. Kf2 Be4 39. Be2 Bxd3 40.
Bxd3 Ke5 41. Bg6 Ng7 42. Ke3 Kf6 43. Bd3 Nh5 44. Kf2 Ke5 45. Bg6 Ng7 46. b4 Kd4
47. Bf7 Nf5 48. Be6 Nd6 49. c5 bxc5 50. bxc5 Ne4+ 51. Kg2 Kxc5 52. Bxg4 Kd4 53.
Bf5 Ng5 54. g4 Ke5 55. Kg3 a5 56. Bd7 Ke4 57. Ba4 Ke3 58. Bc2 Nf3 59. Bf5 Ng5
60. a4 Nf3 61. Be6 Ng5 62. Bd5 Nh7 63. Bf7 Ng5 64. Bg6 Nf3 65. Bf5 Ng5 66. Kh4
Kf4 67. Kh5 Nf3 68. Bc8 Ng5 69. Kg6 Ne4 70. Bf5 Ng5 71. Kf6 Nf3 72. Bc8 Ng5 73.
Ke7 Ne4 74. Be6 Nc5 75. Bd7 Kg5 76. Kd6 Nxa4 77. Bxa4 1/2-1/2

[Event "FRA Team Ch"]
[Site "Montpellier"]
[Date "2001.04.30"]
[Round "10.7"]
[White "Goldgewicht, Lionel"]
[Black "Adrian, Claude"]
[Result "1/2-1/2"]
[WhiteElo "2345"]
[BlackElo "2381"]
[Annotator "Orange-Nancy"]
[PlyCount "49"]
[EventDate "2001.04.??"]

1. e4 e6 2. d4 d5 3. Nc3 Bb4 4. e5 Ne7 5. Bd2 c5 6. a3 Bxc3 7. Bxc3 b6 8. Bb5+
Bd7 9. Bd3 cxd4 10. Bxd4 Nbc6 11. Nf3 Ng6 12. Bxg6 fxg6 13. Qe2 O-O 14. O-O-O
Rc8 15. h4 Na5 16. Kb1 Nc4 17. h5 gxh5 18. Rxh5 Be8 19. Rh3 Bg6 20. Nh4 Qe8 21.
Nxg6 Qxg6 22. Rg3 Qh6 23. Rh3 Qg6 24. Rg3 Qh6 25. Rh3 1/2-1/2

[Event "FRA Team Ch"]
[Site "Montpellier"]
[Date "2001.04.30"]
[Round "10.8"]
[White "Philippe, Christophe"]
[Black "Gachon, Lionel"]
[Result "1/2-1/2"]
[WhiteElo "2356"]
[BlackElo "2237"]
[Annotator "Nancy-Orange"]
[PlyCount "124"]
[EventDate "2001.04.??"]

1. e4 g6 2. d4 Bg7 3. Nc3 d6 4. f4 a6 5. Nf3 b5 6. Bd3 Bb7 7. O-O Nd7 8. e5 e6
9. d5 Ne7 10. dxe6 fxe6 11. Ng5 Nc5 12. Qg4 Qd7 13. Be3 Nf5 14. Bxc5 dxc5 15.
Rad1 Qe7 16. Qh3 O-O-O 17. Be4 Bxe5 18. Bxb7+ Kxb7 19. fxe5 Qxg5 20. Ne4 Qe3+
21. Qxe3 Nxe3 22. Nxc5+ Kb6 23. Rxd8 Rxd8 24. Nxe6 Re8 25. Rf3 Ng4 26. Ng5 Rxe5
27. Nxh7 Re1+ 28. Rf1 Re2 29. h3 Ne3 30. Rf6+ Kc5 31. Rxg6 Rxc2 32. h4 Rxb2 33.
h5 Rxa2 34. h6 b4 35. Nf6 Ra1+ 36. Kf2 Nd1+ 37. Kf3 Nc3 38. h7 Rh1 39. Rg5+ Kc4
40. Rh5 Rxh5 41. Nxh5 b3 42. Ng3 b2 43. Nf1 Kd3 44. h8=Q b1=Q 45. Qh7+ Kd4 46.
Qg7+ Kd3 47. Qg6+ Kd4 48. Qf6+ Kd3 49. Qf5+ Kd4 50. Qf6+ Kd3 51. Qd8+ Kc2 52.
Ne3+ Kc1 53. Qxc7 Qd3 54. Qc4 Kd2 55. Qxd3+ Kxd3 56. g4 Ne4 57. Nd5 a5 58. Nb6
Ng5+ 59. Kf4 Nh3+ 60. Kf5 Kd4 61. g5 Nxg5 62. Kxg5 Ke5 1/2-1/2

[Event "FRA Team Ch"]
[Site "Montpellier"]
[Date "2001.04.30"]
[Round "10.9"]
[White "Dacalor, Aurelie"]
[Black "Franc, Nathalie"]
[Result "1/2-1/2"]
[WhiteElo "2162"]
[BlackElo "2130"]
[Annotator "Orange-Nancy"]
[PlyCount "93"]
[EventDate "2001.04.??"]

1. d4 d5 2. c4 dxc4 3. Nc3 Nf6 4. e3 e6 5. Bxc4 c5 6. Nf3 Nc6 7. O-O Be7 8. a3
a6 9. dxc5 Qxd1 10. Rxd1 Bxc5 11. b4 Be7 12. b5 Na5 13. Ba2 Bd7 14. Ne5 Bxb5
15. Nxb5 axb5 16. Rb1 Nc6 17. Rxb5 Nxe5 18. Rxe5 Bxa3 19. Bxa3 Rxa3 20. Bc4 O-O
21. Rb5 Rc3 22. Be2 Rc7 23. Bf3 Nd5 24. Bxd5 exd5 25. Rbxd5 g6 26. Kf1 Kg7 27.
Rd6 Rfc8 28. Rb6 Rc1 29. Rxc1 Rxc1+ 30. Ke2 Rc7 31. g4 g5 32. Kf3 f6 33. Rb5
Kg6 34. h4 gxh4 35. Rh5 b6 36. Rxh4 Rc5 37. Rh1 b5 38. Kg3 b4 39. f4 b3 40. Rb1
Rb5 41. Rb2 Rb4 42. Kf3 f5 43. g5 h6 44. gxh6 Kxh6 45. Ke2 Kh5 46. Kf3 Kg6 47.
Ke2 1/2-1/2

[Event "FRA Team Ch"]
[Site "Montpellier"]
[Date "2001.04.30"]
[Round "10.1"]
[White "Spraggett, Kevin"]
[Black "Winants, Luc"]
[Result "1/2-1/2"]
[WhiteElo "2526"]
[BlackElo "2515"]
[Annotator "Bordeaux-Cappelle"]
[PlyCount "61"]
[EventDate "2001.04.??"]

1. e4 e5 2. Nf3 Nc6 3. Bb5 Nf6 4. d3 d6 5. c3 g6 6. O-O Bg7 7. Re1 O-O 8. Nbd2
Nd7 9. Nf1 Nb6 10. d4 exd4 11. Nxd4 Bd7 12. Nxc6 Bxc6 13. Bxc6 bxc6 14. Qc2 Qd7
15. Be3 c5 16. Rad1 Qe6 17. b4 Qc4 18. bxc5 dxc5 19. Rc1 Rfd8 20. Nd2 Qd3 21.
c4 Qxc2 22. Rxc2 Bd4 23. Bxd4 cxd4 24. c5 Na4 25. f3 Rab8 26. Nb3 Nc3 27. Na5
Rb5 28. Nc6 Rd7 29. Ne5 Rd8 30. Nc6 Rd7 31. Ne5 1/2-1/2

[Event "FRA Team Ch"]
[Site "Montpellier"]
[Date "2001.04.30"]
[Round "10.2"]
[White "Chuchelov, Vladimir"]
[Black "Badea, Bela"]
[Result "1/2-1/2"]
[WhiteElo "2539"]
[BlackElo "2460"]
[Annotator "Cappelle-Bordeaux"]
[PlyCount "39"]
[EventDate "2001.04.??"]

1. Nf3 g6 2. d4 Bg7 3. c4 d6 4. Nc3 Nd7 5. e4 e5 6. Be2 Ngf6 7. O-O O-O 8. Be3
Ng4 9. Bg5 f6 10. Bh4 Nh6 11. Qd2 Nf7 12. Rad1 c6 13. Qc2 Re8 14. h3 Qc7 15. b4
Nf8 16. b5 Ne6 17. bxc6 bxc6 18. d5 Nf4 19. dxc6 Qxc6 20. Nd5 1/2-1/2

[Event "FRA Team Ch"]
[Site "Montpellier"]
[Date "2001.04.30"]
[Round "10.3"]
[White "Rainfray, Arnaud"]
[Black "Degraeve, Jean-Marc"]
[Result "0-1"]
[WhiteElo "2390"]
[BlackElo "2589"]
[Annotator "Bordeaux-Cappelle"]
[PlyCount "108"]
[EventDate "2001.04.??"]

1. e4 c5 2. Nf3 d6 3. c3 Nf6 4. Be2 g6 5. O-O Bg7 6. Re1 O-O 7. Bf1 Nc6 8. h3
e5 9. d4 cxd4 10. cxd4 exd4 11. Nxd4 Nxd4 12. Qxd4 Re8 13. Bb5 Bd7 14. Bxd7
Qxd7 15. Qd3 Qc6 16. Nc3 d5 17. e5 Ne4 18. Nxd5 Rxe5 19. Rd1 Nc5 20. Qf3 Rae8
21. Bf4 Re4 22. Nc3 Bxc3 23. bxc3 Qf6 24. Be3 Qxf3 25. gxf3 Rc4 26. Bxc5 Rxc5
27. Rd7 Rxc3 28. Rxb7 Rxf3 29. Kg2 Ra3 30. Rd1 Re5 31. Rd8+ Kg7 32. Rdd7 Rg5+
33. Kf1 Rf5 34. Rxa7 Rxh3 35. Rd2 h5 36. Kg2 Rc3 37. Ra4 g5 38. Re2 h4 39. Rd2
Kg6 40. Re2 Kh5 41. Ra8 Rf4 42. a4 Ra3 43. a5 Rfa4 44. Re5 Kg4 45. Rc5 Ra2 46.
Rac8 Rf4 47. Rc2 Rxa5 48. R8c3 Raf5 49. Kg1 h3 50. Rg3+ Kh4 51. Rcc3 g4 52. Rc2
Ra5 53. Kh2 Ra1 54. f3 Rh1+ 0-1